| 000 | 00436nam a2200169Ia 4500 | ||
|---|---|---|---|
| 008 | 180424s9999 xx 000 0 und d | ||
| 084 | _a338.16 S1 | ||
| 100 | _a"Sankhayan, P L" | ||
| 245 | 0 | _aIntroduction to the Economics of Agricultural Production | |
| 250 | _a\\198800ENGGPSX | ||
| 260 | _aPrentice Hall | ||
| 260 | _b1988 | ||
| 260 | _cNew Delhi | ||
| 300 | _a135p | ||
| 500 | _aincludes index and biblioraphy | ||
| 942 | _cBK | ||
| 999 |
_c51562 _d51562 |
||